000 00565nam a22001577a 4500
003 OSt
008 260629b |||||||| |||| 00| 0 eng d
020 _a9789394023970
082 _a631.52076
_bK96Q
245 _aQuestion Bank Genetics and Plant Breeding/ by Sujit Kumar...[et al.]
260 _aNew Delhi:
_bInternational Books & Periodicals Supply Service,
_c2024
300 _aix, 183 p.
650 _aTechnology (Applied Sciences) | Agriculture and Related Technologies | Plant Breeding | Questions and Answers
700 _aKumar, Sujit
942 _2ddc
_cBK
999 _c52478
_d52478